Der schwimmende Estrich

Gespeichert in:
Bibliographische Detailangaben
1. Verfasser: Schütze, Wilhelm (Verfasst von)
Format: Buch
Sprache:Deutsch
Veröffentlicht: Wiesbaden : Bauverlag GmbH, 1974
Ausgabe:4. überarbeitete Auf.
Tags: Tag hinzufügen
Keine Tags, Fügen Sie das erste Tag hinzu!

MARC

LEADER 00000nam a22000003a 4500
001 stu143060
005 20150617225953.7
008 070704s1974----ge------------------ger-d
040 |a STU  |b slo 
041 0 |a ger 
044 |a ge 
080 |a 69.029.331.2 
100 1 |a Schütze, Wilhelm  |4 aut 
245 1 |a Der schwimmende Estrich 
250 |a 4. überarbeitete Auf. 
260 |a Wiesbaden :  |b Bauverlag GmbH,  |c 1974 
300 |a 284 s 
996 |c V*26741/O-11163  |l VV16  |s P  |a 0  |w stu143060_0001